Architecture for a changing world = (Record no. 25940)
[ view plain ]
| 000 -LEADER | |
|---|---|
| fixed length control field | 01806nam a22003855a 4500 |
| 003 - CONTROL NUMBER IDENTIFIER | |
| control field | EG-ScBUE |
| 005 - DATE AND TIME OF LATEST TRANSACTION | |
| control field | 20221027114029.0 |
| 008 - FIXED-LENGTH DATA ELEMENTS--GENERAL INFORMATION | |
| fixed length control field | 180115s2007 ua bo f c 000 0 mul d |
| 020 ## - INTERNATIONAL STANDARD BOOK NUMBER | |
| International Standard Book Number | 9789776163799 |
| 040 ## - CATALOGING SOURCE | |
| Original cataloging agency | EG-ScBUE |
| Language of cataloging | eng |
| Description conventions | rda |
| Transcribing agency | EG-ScBUE |
| Modifying agency | EG-ScBUE |
| 041 0# - LANGUAGE CODE | |
| Language code of text/sound track or separate title | eng |
| -- | fre |
| -- | ara |
| 043 ## - GEOGRAPHIC AREA CODE | |
| Geographic area code | ff----- |
| -- | aw----- |
| -- | d------ |
| 082 04 - DEWEY DECIMAL CLASSIFICATION NUMBER | |
| Classification number | 720.917671 |
| Item number | ARC |
| Edition number | 22 |
| 245 00 - TITLE STATEMENT | |
| Title | Architecture for a changing world = |
| Remainder of title | عمارة من أجل عالم متغير. |
| 246 31 - VARYING FORM OF TITLE | |
| Title proper/short title | عمارة من أجل عالم متغير |
| 264 #1 - PUBLICATION, DISTRIBUTION, ETC. (IMPRINT) | |
| Place of publication, distribution, etc | Alexandria : |
| Name of publisher, distributor, etc | Bibliotheca Alexandrina, |
| Date of publication, distribution, etc | 2007. |
| 300 ## - PHYSICAL DESCRIPTION | |
| Extent | 95 pages : |
| Other physical details | maps, photographs (color) ; |
| Dimensions | 40 cm |
| 336 ## - CONTENT TYPE | |
| Source | rdacontent |
| Content type term | text |
| Content type code | txt |
| 337 ## - MEDIA TYPE | |
| Source | rdamedia |
| Media type term | unmediated |
| Media type code | n |
| 338 ## - CARRIER TYPE | |
| Source | rdacarrier |
| Carrier type term | volume |
| Carrier type code | nc |
| 500 ## - GENERAL NOTE | |
| General note | Present an international exhibition of the Aga Khan Awards for Architecture, 1980-2004. |
| 520 ## - SUMMARY, ETC. | |
| Summary, etc | "FISA-Fundación internacional de sintesis arquitectónica, Seville, Spain, and the Aga Khan Trust for Culture, Geneva, Switerland present the first international exhibition of the Aga Khan Awards for Architecture, 1980-1995." |
| 546 ## - LANGUAGE NOTE | |
| Language note | Text in English, French and Arabic. |
| 610 27 - SUBJECT ADDED ENTRY--CORPORATE NAME | |
| Corporate name or jurisdiction name as entry element | Aga Khan Award for Architecture (Organization) |
| General subdivision | Awards |
| Form subdivision | Exhibitions. |
| Source of heading or term | BUEsh |
| 650 #7 - SUBJECT ADDED ENTRY--TOPICAL TERM | |
| Topical term or geographic name as entry element | Architecture |
| General subdivision | Awards |
| Geographic subdivision | Islamic countrie |
| Form subdivision | Exhibitions. |
| Source of heading or term | BUEsh |
| 650 #7 - SUBJECT ADDED ENTRY--TOPICAL TERM | |
| Topical term or geographic name as entry element | Islamic architecture |
| General subdivision | Awards |
| Form subdivision | Exhibitions. |
| Source of heading or term | BUEsh |
| 650 #7 - SUBJECT ADDED ENTRY--TOPICAL TERM | |
| Topical term or geographic name as entry element | Architecture, Modern |
| Chronological subdivision | 20th century |
| Geographic subdivision | Islamic countries |
| Form subdivision | Exhibitions. |
| Source of heading or term | BUEsh |
| 651 ## - SUBJECT ADDED ENTRY--GEOGRAPHIC NAME | |
| Source of heading or term | BUEsh |
| 653 ## - INDEX TERM--UNCONTROLLED | |
| Resource For college | Engineering, Architecture |
| Arrived date list | January2018 |
| 655 ## - INDEX TERM--GENRE/FORM | |
| Form subdivision | Reading book |
| 710 2# - ADDED ENTRY--CORPORATE NAME | |
| Corporate name or jurisdiction name as entry element | Aga Khan Award for Architecture (Organization) |
| Relator term | contributor. |
| 710 2# - ADDED ENTRY--CORPORATE NAME | |
| Corporate name or jurisdiction name as entry element | International Foundation for Architectural Synthesis, |
| Relator term | contributor. |
| 942 ## - ADDED ENTRY ELEMENTS (KOHA) | |
| Source of classification or shelving scheme | Dewey Decimal Classification |
| Koha item type | Book - Borrowing |
| Withdrawn status | Lost status | Source of classification or shelving scheme | Damaged status | Not for loan | Collection code | Home library | Current library | Shelving location | Date acquired | Source of acquisition | Total Checkouts | Full call number | Barcode | Date last seen | Koha item type |
|---|---|---|---|---|---|---|---|---|---|---|---|---|---|---|---|
| Dewey Decimal Classification | مكتبة الاسكندرية | Central Library | Central Library | Ground Floor | 15/01/2018 | Donation | 720.917671 ARC | 000042830 | 15/07/2025 | Reference (NB) |